LDR 00936naa#a2200193#i#450# 001 RU\\bibl\118736 005 20260501185948.5 011 ## _a1994-4683 100 ## _a20230428b2023####ek#y0rusy0150####ca 102 ## _aRU 200 1# _aУСПЕШНОСТЬ ИНТЕГРАЦИИ СПОРТИВНОЙ РАБОТЫ ПО ЗИМНИМ ВИДАМ СПОРТА В УНИВЕРСИТЕТЕ ЛЕСГАФТА _eЖурнальная статья 210 1# _aМосква _cНациональный государственный Университет физической культуры, спорта и здоровья им. П.Ф. Лесгафта _d2023 215 ## _a5 с. 608 ## _aЖурнальная статья _2local 675 ## _aОрганизация и руководство спортом. 796.062 _z 700 #1 _aПетров _gС И 700 #1 _aАпойко _gР Н 700 #1 _aТараканов _gБ И 856 4# _auchzapiski.lesgaft.spb.ru _u